00600nam a22001577a 4500001000500000005001700005020001800022040002300040050002100063082001700084100001600101245008800117260003600205300004700241520015400288156420230918133207.0 a9780006380726 aDLCcDLCdDLCbeng00aDS465b.K43 199400a954.03/12201 aKeay, John.14aThe honourable company :ba history of the English East India Company /cJohn Keay. aLondon :bHarperCollins,c1994. a475 pages :billustrations, maps ;c20 cm. aA history of the company from its beginnings as an association of Elizabethan tradesmen to its becoming one of the most powerful forces in the world.